Review of post graduate medical entrance examination (Record no. 156741)

MARC details
000 -LEADER
fixed length control field 01197 a2200253 4500
005 - DATE AND TIME OF LATEST TRANSACTION
control field 20180831101031.0
010 ## - LCCN (DPL NO)
LC control number B-704375-377
020 ## - INTERNATIONAL STANDARD BOOK NUMBER
Terms of availability 900.00
International Standard Book Number 9789385722349 (Vol-I)
020 ## - INTERNATIONAL STANDARD BOOK NUMBER
Terms of availability 990.00
International Standard Book Number 9789385722370 (Vol-II)
020 ## - INTERNATIONAL STANDARD BOOK NUMBER
Terms of availability 1050.00
International Standard Book Number 9789385722424 (Vol-III)
035 ## - SYSTEM CONTROL NUMBER
System control number B-704375-377
037 ## - SOURCE OF ACQUISITION
Source of stock number/acquisition RP-CL-R.K.Books
Stock number dpl
082 14 - DEWEY DECIMAL CLASSIFICATION NUMBER
Classification number 610.76
100 1# - MAIN ENTRY--PERSONAL NAME
Personal name Arora, Arvind
245 1# - TITLE STATEMENT
Title Review of post graduate medical entrance examination
Remainder of title 20,000 MCQ's fully referenced and topic wise arranged
Statement of responsibility, etc by Arvind Arora, Amit Tripathi [and] Ashish Gupta
250 ## - EDITION STATEMENT
Edition statement 13th ed
260 ## - PUBLICATION, DISTRIBUTION, ETC. (IMPRINT)
Place of publication, distribution, etc Gorakhpur
Name of publisher, distributor, etc Pulse Publications
Date of publication, distribution, etc 2017
300 ## - PHYSICAL DESCRIPTION
Extent 3V (951, 1093,1182 p.)
Dimensions 27 cm (pbk)
500 ## - GENERAL NOTE
General note Vol-I Anatomy, Physiology, Biochemistry,pathology, Microbiology<br/>Vol-II Pharmacology, SPM,Ophthalmology,ENT, Orthopedics, Forensic, Skin, Psychiatry, Anesthesia<br/>Vol-III OBS and Gynae, Medicine, Surgery, Pediatrics, Radiology
700 ## - ADDED ENTRY--PERSONAL NAME
Personal name Tripathi, Amit
700 ## - ADDED ENTRY--PERSONAL NAME
Personal name Gupta, Ashish
942 ## - ADDED ENTRY ELEMENTS (KOHA)
Institution code [OBSOLETE] dpl
Item type English Books
Source of classification or shelving scheme Dewey Decimal Classification
Classification part 610.76
Call number suffix ARO
Holdings
Withdrawn status Lost status Materials specified (bound volume or other part) Not for loan Collection code Home library Current library Date acquired Source of acquisition Cost, normal purchase price Full call number Barcode Copy number Cost, replacement price Koha item type
    Vol-I Not For Loan Non-fiction Central Library Central Library 31/08/2018 RK Books 900.00 610.76 ARO B-704375 1 900.00 English Books
    Vol-II Not For Loan Non-fiction Central Library Central Library 31/08/2018 RK Books 990.00 610.76 ARO B-704376 1 990.00 English Books
    Vol-III Not For Loan Non-fiction Central Library Central Library 31/08/2018 RK Books 1050.00 610.76 ARO B-704377 1 1050.00 English Books

© Delhi Public Library
Hit Counter
free hit counter